Oxford illustrated encyclopedia/ (Record no. 11842)
[ view plain ]
| 000 -LEADER | |
|---|---|
| fixed length control field | 01689cam a2200277 a 4500 |
| 001 - CONTROL NUMBER | |
| control field | 3331531 |
| 005 - DATE AND TIME OF LATEST TRANSACTION | |
| control field | 19940328131109.6 |
| 008 - FIXED-LENGTH DATA ELEMENTS--GENERAL INFORMATION | |
| fixed length control field | 850222m19851993enka e 000 0 eng |
| 010 ## - LIBRARY OF CONGRESS CONTROL NUMBER | |
| LC control number | 85004876 |
| Canceled/invalid LC control number | 89071125 |
| 020 ## - INTERNATIONAL STANDARD BOOK NUMBER | |
| International Standard Book Number | 0198691297 (v. 1) : |
| Terms of availability | $16.95 |
| 040 ## - CATALOGING SOURCE | |
| Original cataloging agency | DLC |
| Transcribing agency | DLC |
| Modifying agency | DLC |
| 050 00 - LIBRARY OF CONGRESS CALL NUMBER | |
| Classification number | AE5 |
| Item number | .O94 1985 |
| 082 00 - DEWEY DECIMAL CLASSIFICATION NUMBER | |
| Classification number | 032 |
| Edition number | 19 |
| Item number | OXF |
| 245 00 - TITLE STATEMENT | |
| Title | Oxford illustrated encyclopedia/ |
| Statement of responsibility, etc | General editor, Harry Judge ; executive editor, Anthony Toyne.. Vol.1, The physical world / volume editor Vivian Fuchs ; consultant editor W.G. Richards. |
| 260 ## - PUBLICATION, DISTRIBUTION, ETC. (IMPRINT) | |
| Place of publication, distribution, etc | Oxford [England] ; |
| -- | New York : |
| Name of publisher, distributor, etc | Oxford University Press, |
| Date of publication, distribution, etc | 1985 |
| 300 ## - PHYSICAL DESCRIPTION | |
| Extent | 374 p. : |
| Other physical details | ill. (some col.) ; |
| Dimensions | 28 cm. |
| 505 1# - FORMATTED CONTENTS NOTE | |
| Formatted contents note | v. 1. The physical world / volume editor, Sir Vivian Fuchs -- v. 2. The natural world / volume editor, Malcolm Coe -- v. 3. World history from earliest times to 1800 / volume editor, Harry Judge -- v. 4. World history from 1800 to the present day / volume editor, Robert Blake -- v. 5. The arts / volume editor, John Julius Norwich -- [v.] 6. Invention and technology / volume editor, Sir Monty Finniston -- [v.] 8. The universe / volume editor, Archie Roy -- v. 9. Index and ready reference. |
| 650 #0 - SUBJECT ADDED ENTRY--TOPICAL TERM | |
| Topical term or geographic name as entry element | Encyclopedias and dictionaries. |
| 9 (RLIN) | 6204 |
| 700 1# - ADDED ENTRY--PERSONAL NAME | |
| Personal name | Judge, Harry George. |
| 9 (RLIN) | 6205 |
| 700 1# - ADDED ENTRY--PERSONAL NAME | |
| Personal name | Toyne, Anthony. |
| 9 (RLIN) | 6206 |
| 740 0# - ADDED ENTRY--UNCONTROLLED RELATED/ANALYTICAL TITLE | |
| Uncontrolled related/analytical title | Oxford illustrated encyclopedia of the arts. |
| 740 0# - ADDED ENTRY--UNCONTROLLED RELATED/ANALYTICAL TITLE | |
| Uncontrolled related/analytical title | Oxford illustrated encyclopedia of invention and technology. |
| 740 0# - ADDED ENTRY--UNCONTROLLED RELATED/ANALYTICAL TITLE | |
| Uncontrolled related/analytical title | Oxford illustrated encyclopedia of the universe. |
| 942 ## - ADDED ENTRY ELEMENTS (KOHA) | |
| Source of classification or shelving scheme | Dewey Decimal Classification |
| Item type | Reference (NB) |
| Withdrawn status | Item status | Source of classification or shelving scheme | Damaged status | Not for loan | Vendor | Home library | Current library | Shelving location | Date acquired | Source of acquisition | Cost, normal purchase price | Total Checkouts | Full call number | Barcode | Date last seen | Koha item type |
|---|---|---|---|---|---|---|---|---|---|---|---|---|---|---|---|---|
| Dewey Decimal Classification | Alef-Baa | Central Library | Central Library | Ground Floor | 16/06/2009 | 150.00 | 032 OXF | 000016863 | 15/07/2025 | Reference (NB) |